Reglamento municipal del servicio público de taxis de Santa Coloma de Gramanet : aprobado por el Pleno Municipal en sesión celebrada el día 23 de febrero de 1968 aprobado por el Pleno Municipal en sesión celebrada el día 23 de febrero de 1968
Descripción Física:
20 p. ; 17 cm
MARC
| LEADER | 00000nam a2200000Ia 4500 | ||
|---|---|---|---|
| 001 | 14792 | ||
| 008 | 160829s1968 xx 000 0 cat d | ||
| 080 | |a FU-30-35 | ||
| 245 | |a Reglamento municipal del servicio público de taxis de Santa Coloma de Gramanet : |b aprobado por el Pleno Municipal en sesión celebrada el día 23 de febrero de 1968 | ||
| 260 | |a [Santa Coloma de Gramanet : |b Ayuntamiento de Santa Coloma de Gramanet], |c 1968 | ||
| 300 | |a 20 p. ; |c 17 cm | ||
| 650 | |a Taxis |x Santa Coloma de Gramenet |x Reglaments i procediment |9 34474 | ||
| 710 | 1 | |a Santa Coloma de Gramenet (Catalunya). |b Ajuntament |9 52755 | |
| 901 | |a Arxiu | ||
| 942 | |n 1 | ||
| 952 | |0 0 |1 0 |4 0 |6 FU3035 |7 1 |9 46533 |a Arxiu |b Arxiu |d 2016-12-01 |l 0 |o FU-30-35 |p 14792 |r 2016-12-01 00:00:00 |w 2016-12-01 |y ARXIU | ||
| 999 | |c 50324 |d 50324 | ||